| 000 | 01493cam a22002891i 4500 | ||
|---|---|---|---|
| 003 | SA-RiAUC | ||
| 005 | 20241120144127.0 | ||
| 008 | 241103s2011 su g 00010dara c | ||
| 040 |
_aSA-MaUQU _bara _cSA-RiAUC _erda |
||
| 082 | 0 | 4 |
_a240 _qSA-RiAUC |
| 090 |
_a240 _bح و ش |
||
| 100 | 1 |
_aالحوشاني، شريفة بنت علي بن سليمان _eمؤلف. |
|
| 245 | 1 | 2 |
_aالحدود والألفاظ الأصولية والجدلية عند الشريف المراغي وموقف الآمدي والنيلي منها / _cشريفة بنت علي بن سليمان الحوشاني. |
| 250 | _aالطبعة الأولى. | ||
| 264 | 1 |
_aالرياض : _bمدار الوطن للنشر، _c2011 |
|
| 300 |
_a120 صفحة ؛ _c24 سم. |
||
| 336 |
_aنص _btxt _2rdacontent _3كتاب |
||
| 337 |
_aبدون وسيط _bn _2rdamedia |
||
| 338 |
_aمجلد _bnc _2rdacarrier |
||
| 490 | 0 |
_aسلسلة الرسائل العلمية المحكمة ؛ _v1 |
|
| 600 | 1 | 7 |
_aالمراغي، شرف شاه بن ملكداد، _dتوفي 543 هجري _xآراء حول علم الكلام _2aucnm |
| 600 | 1 | 7 |
_aالنيلي، الحسين بن أبي القاسم، _dتوفي 712 هجري _xآراء حول علم الكلام _2aucnm |
| 600 | 1 | 7 |
_aسيف الدين الآمدي، علي بن محمد بن سالم، _d551-631 هجري _xآراء حول علم الكلام _2aucnm |
| 650 | 7 |
_aعلم الكلام _2aucsh |
|
| 942 |
_2ddc _cBOOK _n0 |
||
| 949 |
_aSA-JeALM _d241103 _umohamedma123 _n1 |
||
| 999 |
_c2607 _d2607 |
||